000 01364nam a2200301 i 4500
001 768714001
003 CO-MdFUSB
005 20240618062722.0
007 ta
008 211020txxu gt adbo| |||| 00| 0 spa d
020 _a[No incluye ISBN]
040 _aCO-MdFUSB
_bspa
_cCO-MdFUSB
_dCO-MdFUSBC
_erda
041 _aspa
090 _aAV 0171
100 _aTaylor, Guillermo,
_eautor
110 _aComibam Internacional.
245 1 _aMisión una guía discipular :
_bmisiones mundiales
_c/ Guillermo Taylor , Eugenio Campos
264 0 _aGuatemala :
_bSeminario Teológico Centroamericano (SETECA),
_c[fecha de producción no identificada]
300 _a45 páginas
_c; 22 cm
336 _2rdacontent
_atexto
_btxt
337 _2rdamedia
_asin mediación
_bn
338 _2rdacarrier
_avolumen
_bnc
505 _aPanorama de necesidades misioneras mundiales. -- El Antiguo Testamento y las Misiones Mundiales. -- El Nuevo Testamento y las misiones mundiales. -- La historia de las misiones antes de la Reforma (1517). -- Las misiones desde 1500 (La Reforma) hasta 1800. -- Pioneros de las misiones modernas. -- Las misiones tercermundistas. -- La iglesia local y las misiones. -- La iglesia local y las misiones mundiales. -- La oración y las misiones.
563 _aRústico
650 0 _aMisiones
_9154
700 _91411
_aCampos, Eugenio,
942 _cAV
999 _c66980
_d66980